000 00707nam a22002297a 4500
005 20170124110206.0
010 _aA-351403
020 _c00.00
_a8185234043
035 _aA-351403
037 _bCen Lib/Ret
040 _aDPL
_bEN
082 _a023
_bKUL
100 _aKulshrestha, Ajay
_937248
245 _aSystem analysis & knowledge communication /
_cby Ajay Kulshrestha
260 _aJaipur
_bBohra Publications
_c1998
270 _aS.M.S. Highway
_bJaipur
_e302003
300 _a144p.
_c19cm(Hb)
500 _aIncludes bibliographical reference and index
650 _aTelecommunication--Social aspects
_937249
650 _aKnowledge
_937250
942 _2ddc
_cEN
_h023
_mKUL
999 _c133224
_d133224